Beyond shifting wealth perspectives on development risks and opportunities from the global south

Gespeichert in:
Bibliographische Detailangaben
Format: Buch
Sprache:Englisch
Veröffentlicht: Paris OECD 2017
Schlagworte:
Tags: Tag hinzufügen
Keine Tags, Fügen Sie das erste Tag hinzu!

MARC

LEADER 00000nam a2200000 4500
001 0233542
005 20240314122734.8
020 |a 978-92-64-27314-6 
041 0 |a eng 
044 |a FR 
245 1 0 |a Beyond shifting wealth  |b perspectives on development risks and opportunities from the global south 
264 1 |a Paris  |b OECD  |c 2017 
300 |a 91 s. 
610 2 0 |a krajiny rozvojové 
610 2 0 |a rozvoj hospodársky 
610 2 0 |a prognózy 
610 2 0 |a rast hospodársky 
610 2 0 |a transformácia 
610 2 0 |a reformy štruktúrne 
610 2 0 |a riziko 
610 2 0 |a bohatstvo 
610 2 0 |a zdroje prírodné 
610 2 0 |a distribúcia 
610 2 0 |a nerovnosť 
610 2 0 |a spolupráca medzinárodná 
610 2 0 |a energetika 
610 2 0 |a zmeny klimatické 
610 2 0 |a nezamestnanosť 
610 2 0 |a chudoba 
610 2 0 |a porovnanie medzinárodné 
610 2 0 |a štúdie 
610 2 0 |a Afrika 
610 2 0 |a Ázia 
610 2 0 |a Latinská Amerika